000 00489nam a22001817a 4500
003 MPLRDC
005 20220104143312.0
008 210129b ||||| |||| 00| 0 eng d
020 _a0-19-582806-2
082 _a859.6 SL v.1
100 _a胜利书局图书编辑小组译
245 _a厨房里的谋杀案
_c
260 _a
_bSHING LEE BOOK STORE
_c1981
300 _b
490 _aSHING LEE-OXFORD PROGRESSIVE BILINGUAL R
650 _a侦探故事
942 _cBK
_o859.6 SL v.1
999 _c38591
_d38581